000 00714nam a2200289Ia 4500
005 20260324150129.0
008 008 260324s9999 xx 000 0 eng d
020 _a9781003189077
037 _aEBOOK
040 _aCRL
040 _beng
040 _cCRL
041 _2eng
041 _aeng
084 _qCRL
100 _aEdith F. Hurwitz
_91225358
245 0 _aPolitics and the Public Conscience
245 0 _bSlave Emancipation and the Abolitionst Movement in Britain
260 _bTaylor and Francis
260 _c1973
365 _a
365 _b150
856 _uhttp://www.taylorfrancis.com/books/9781003189077
942 _cEBOOK
999 _c1834295
_d1834295